COVID-19 Pandemic, Geospatial Information, and Community Resilience (Record no. 92599)

MARC details
000 -LEADER
fixed length control field 01667nam a2200265Ii 4500
008 - FIXED-LENGTH DATA ELEMENTS--GENERAL INFORMATION
fixed length control field 221202s xx 000 0 und d
245 #0 - TITLE STATEMENT
Title COVID-19 Pandemic, Geospatial Information, and Community Resilience
246 ## - VARYING FORM OF TITLE
Title proper/short title Global Applications and Lessons
264 ## - PRODUCTION, PUBLICATION, DISTRIBUTION, MANUFACTURE, AND COPYRIGHT NOTICE
Name of producer, publisher, distributor, manufacturer Taylor & Francis
Date of production, publication, distribution, manufacture, or copyright notice 2021
300 ## - PHYSICAL DESCRIPTION
Extent 1 online resource (544 pages)
336 ## - CONTENT TYPE
Content type term text
Content type code txt
Source rdacontent
337 ## - MEDIA TYPE
Media type term computer
Media type code c
Source rdamedia
338 ## - CARRIER TYPE
Carrier type term online resource
Carrier type code cr
Source rdacarrier
520 ## - SUMMARY, ETC.
Summary, etc. Geospatial information plays an important role in managing location dependent pandemic situations across different communities and domains. Geospatial information and technologies are particularly critical to strengthening urban and rural resilience, where economic, agricultural, and various social sectors all intersect. Examining the United Nations' SDGs from a geospatial lens will ensure that the challenges are addressed for all populations in different locations. This book, with worldwide contributions focused on COVID-19 pandemic, provides interdisciplinary analysis and multi-sectoral expertise on the use of geospatial information and location intelligence to support community resilience and authorities to manage pandemics.
653 ## - INDEX TERM--UNCONTROLLED
Uncontrolled term Disaster Management
653 ## - INDEX TERM--UNCONTROLLED
Uncontrolled term Geoinformation
653 ## - INDEX TERM--UNCONTROLLED
Uncontrolled term Geospatial Planning
653 ## - INDEX TERM--UNCONTROLLED
Uncontrolled term Public Health
653 ## - INDEX TERM--UNCONTROLLED
Uncontrolled term Sustainable Development
700 1# - ADDED ENTRY--PERSONAL NAME
Personal name Foliente, Greg
700 1# - ADDED ENTRY--PERSONAL NAME
Personal name Paez, Daniel
700 1# - ADDED ENTRY--PERSONAL NAME
Personal name Rajabifard, Abbas
856 ## - ELECTRONIC LOCATION AND ACCESS
Uniform Resource Identifier <a href="https://docs.google.com/spreadsheets/d/1yKIrdCPDAG_9c22mwoOIO2DOhtj65Wqa/edit?usp=sharing&ouid=106555315294820607512&rtpof=true&sd=true ">https://docs.google.com/spreadsheets/d/1yKIrdCPDAG_9c22mwoOIO2DOhtj65Wqa/edit?usp=sharing&ouid=106555315294820607512&rtpof=true&sd=true </a>
Link text List of Curated E-Books
942 ## - ADDED ENTRY ELEMENTS (KOHA)
Koha item type E-Book

No items available.

University of Rizal System
Email us at univlibservices@urs.edu.ph

Visit our Website www.urs.edu.ph/library